Kabale University Library Catalogue

User-Centered Computer Aided Language Learning / (Record no. 2073)

MARC details
000 -LEADER
fixed length control field 01261cam a22002774a 4500
003 - CONTROL NUMBER IDENTIFIER
control field OSt
005 - DATE AND TIME OF LATEST TRANSACTION
control field 20220221100533.0
008 - FIXED-LENGTH DATA ELEMENTS--GENERAL INFORMATION
fixed length control field 051102s2006 paua b 001 0 eng
020 ## - INTERNATIONAL STANDARD BOOK NUMBER
International Standard Book Number 1591407508
020 ## - INTERNATIONAL STANDARD BOOK NUMBER
International Standard Book Number 1591407516 (pbk.)
020 ## - INTERNATIONAL STANDARD BOOK NUMBER
International Standard Book Number 1591407524 (ebook)
020 ## - INTERNATIONAL STANDARD BOOK NUMBER
International Standard Book Number 9781591407508
040 ## - CATALOGING SOURCE
Original cataloging agency DLC
Transcribing agency KABLIB
Modifying agency KABLIB
082 00 - DEWEY DECIMAL CLASSIFICATION NUMBER
Classification number 418.002
Edition number 23
Item number ZAP
100 ## - MAIN ENTRY--PERSONAL NAME
Personal name Zaphiris, Panayiotis.
9 (RLIN) 5676
245 00 - TITLE STATEMENT
Title User-Centered Computer Aided Language Learning /
Statement of responsibility, etc. Panayiotis Zaphiris, Giorgos Zacharia.
260 ## - PUBLICATION, DISTRIBUTION, ETC.
Place of publication, distribution, etc. Hershey :
Name of publisher, distributor, etc. Information Science Pub.,
Date of publication, distribution, etc. c2006.
300 ## - PHYSICAL DESCRIPTION
Extent x, 335 p. :
Other physical details ill. ;
Dimensions 25 cm.
500 ## - GENERAL NOTE
General note Includes index.
504 ## - BIBLIOGRAPHY, ETC. NOTE
Bibliography, etc. note Includes bibliographical references.
520 ## - SUMMARY, ETC.
Summary, etc. "This book discusses the basis of a broad framework for the development and management of Computer Aided Language Learning (CALL) environments, covering domains as diverse as education, information systems, psychology, sociology, linguistics, artificial intelligence and e-learning"--Provided by publisher.
650 #0 - SUBJECT ADDED ENTRY--TOPICAL TERM
Topical term or geographic name entry element Language and languages
General subdivision Computer-assisted instruction.
9 (RLIN) 5677
700 1# - ADDED ENTRY--PERSONAL NAME
Personal name Zacharia, Giorgos.
Relator term Joint Author.
9 (RLIN) 5678
856 41 - ELECTRONIC LOCATION AND ACCESS
Materials specified Table of contents only
Uniform Resource Identifier <a href="http://www.loc.gov/catdir/toc/ecip063/2005032113.html">http://www.loc.gov/catdir/toc/ecip063/2005032113.html</a>
942 ## - ADDED ENTRY ELEMENTS (KOHA)
Source of classification or shelving scheme Dewey Decimal Classification
Koha item type Book
Holdings
Withdrawn status Lost status Source of classification or shelving scheme Damaged status Not for loan Home library Current library Shelving location Date acquired Total Checkouts Full call number Barcode Date last seen Price effective from Koha item type
    Dewey Decimal Classification     Education Library Education Library Reserve Section 27.04.2022   418.002 ZAP 2938 23.07.2024 27.04.2022 Book

Kabale University Library | Kabale University P.O Box 317, Kabale, Uganda
Tel : +256754017033, +256774661503 E-mail : library@kab.ac.ug